Luật hợp tác xã
Guardat en:
| Autor principal: | |
|---|---|
| Format: | Llibre |
| Idioma: | Undetermined |
| Publicat: |
Hà Nội
Chính trị Quốc gia
2001
|
| Etiquetes: |
Afegir etiqueta
Sense etiquetes, Sigues el primer a etiquetar aquest registre!
|
| Thư viện lưu trữ: | Trung tâm Học liệu Trường Đại học Cần Thơ |
|---|
| LEADER | 00525nam a2200157Ia 4500 | ||
|---|---|---|---|
| 001 | CTU_46769 | ||
| 008 | 210402s9999 xx 000 0 und d | ||
| 082 | |a 346.5970668 | ||
| 082 | |b V308/2001 | ||
| 100 | |a VIỆT NAM ( Cộng hòa Xã hội chủ nghĩa ) | ||
| 245 | 0 | |a Luật hợp tác xã | |
| 245 | 0 | |c VIỆT NAM ( Cộng hòa Xã hội chủ nghĩa ) | |
| 260 | |a Hà Nội | ||
| 260 | |b Chính trị Quốc gia | ||
| 260 | |c 2001 | ||
| 980 | |a Trung tâm Học liệu Trường Đại học Cần Thơ | ||